Rusts and wood-rotting fungi on some of the important Indian conifers (Record no. 64566)
[ view plain ]
| 000 -LEADER | |
|---|---|
| fixed length control field | 00501nam a22001577a 4500 |
| 008 - FIXED-LENGTH DATA ELEMENTS--GENERAL INFORMATION | |
| fixed length control field | 240719b |||||||| |||| 00| 0 eng d |
| 040 ## - CATALOGING SOURCE | |
| Original cataloging agency | National Science Library |
| Transcribing agency | National Science Library |
| 080 ## - UNIVERSAL DECIMAL CLASSIFICATION NUMBER | |
| Universal Decimal Classification number | 082.1:634.7(540).3 |
| 100 ## - MAIN ENTRY--PERSONAL NAME | |
| Personal name | Puri, Y N |
| 9 (RLIN) | 13200 |
| 245 ## - TITLE STATEMENT | |
| Title | Rusts and wood-rotting fungi on some of the important Indian conifers |
| 260 ## - PUBLICATION, DISTRIBUTION, ETC. | |
| Place of publication, distribution, etc. | Delhi: |
| Name of publisher, distributor, etc. | Manager of Publication, |
| Date of publication, distribution, etc. | 1955 |
| 300 ## - PHYSICAL DESCRIPTION | |
| Extent | 9p. |
| 490 ## - SERIES STATEMENT | |
| Series statement | Mycology |
| 500 ## - GENERAL NOTE | |
| General note | Indian forest bulletin no. 179 |
| 942 ## - ADDED ENTRY ELEMENTS (KOHA) | |
| Source of classification or shelving scheme | Universal Decimal Classification |
| Koha item type | Books |
| Withdrawn status | Lost status | Source of classification or shelving scheme | Damaged status | Not for loan | Home library | Current library | Shelving location | Date acquired | Total Checkouts | Full call number | Barcode | Date last seen | Price effective from | Koha item type |
|---|---|---|---|---|---|---|---|---|---|---|---|---|---|---|
| Universal Decimal Classification | National Science Library | National Science Library | GF/Rk-4/C-23/R-6 | 21/07/2004 | 082.1:634.7(540).3 | 190385 | 19/07/2024 | 21/07/2004 | Books |